[Event "19th Albena Open"]
[Site "Albena BUL"]
[Date "2011.07.02"]
[Round "8.38"]
[White "Petkov,H"]
[Black "Panbukchian,V"]
[Result "0-1"]
[WhiteElo "2076"]
[BlackElo "2385"]

1.e4 d5 2.exd5 Qxd5 3.Nc3 Qd6 4.d4 Nf6 5.Nf3 a6 6.Be3 Nc6 7.Qd2 Bf5 8.Bd3 Bg6
9.h3 e6 10.a3 Be7 11.Bf4 Qd7 12.Be3 Rd8 13.Bxg6 hxg6 14.O-O O-O 15.Rad1 b5
16.Qe2 Qc8 17.b4 Qb7 18.Rd2 Rfe8 19.Rfd1 Nb8 20.Bg5 Nbd7 21.Bxf6 Bxf6 22.Ne4 Nb6
23.Ne5 Bxe5 24.dxe5 Rxd2 25.Rxd2 Nc4 26.Nc5 Qc6 27.Rd3 a5 28.f4 Nxa3 29.Rxa3 axb4
30.Rb3 Qxc5+ 31.Qf2 Qxf2+ 32.Kxf2 c5 33.c3 Ra8 34.cxb4 c4 35.Rb1 Ra3  0-1

[Event "38th ch-IND w Challengers"]
[Site "Chennai IND"]
[Date "2011.07.02"]
[Round "1"]
[White "Manjula,R"]
[Black "Roy,Pa"]
[Result "0-1"]
[WhiteElo "1606"]
[BlackElo "1944"]

1.e4 d5 2.exd5 Qxd5 3.Nc3 Qd6 4.d4 Nf6 5.Nf3 c6 6.Be2 h6 7.h3 Bf5 8.Be3 e6
9.Ne5 Nbd7 10.Nc4 Qc7 11.a4 Nd5 12.Bd2 N7f6 13.Bf3 Be7 14.O-O O-O 15.Re1 Rad8
16.Ne2 Ne4 17.Bxe4 Bxe4 18.Ng3 Bh7 19.c3 c5 20.dxc5 Bxc5 21.Qf3 Bxf2+ 22.Qxf2 Qxc4
23.Nh5 Bg6 24.Nf4 Nxf4 25.Bxf4 Rd5 26.Bg3 a6 27.Kh1 Rfd8 28.Qf3 Qb3 29.Re2 Bh5
30.Qf2 Bxe2 31.Qxe2 Rd1+ 32.Rxd1 Qxd1+ 33.Qxd1 Rxd1+ 34.Kh2 Rb1 35.b4 Rc1
36.Be5 f6 37.Bd4 e5 38.Bc5 Rxc3 39.a5 e4 40.Kg1 Kf7 41.Kf2 f5 42.Be3 Rc2+
43.Kf1 Rb2 44.Bc5 f4 45.Bd6 g5 46.h4 f3 47.gxf3 exf3 48.hxg5 hxg5 49.Kg1 Kg6
50.Bg3 Rxb4 51.Bf2 Rb2 52.Bb6 g4 53.Bf2 Kf5 54.Bg3 Rg2+ 55.Kf1 Rxg3 56.Kf2 Rg2+
57.Ke3 Re2+ 58.Kd4 f2 59.Kc5 f1=Q 60.Kb6 Qf2+ 61.Kc7 Qc5+ 62.Kb8 Re8+ 63.Kxb7 Re7+
64.Kb8 Qc7+ 65.Ka8 Qa7+  0-1

[Event "TCh-TUR 2011"]
[Site "Konya TUR"]
[Date "2011.07.02"]
[Round "5"]
[White "Donmez,Batuhan"]
[Black "Burneckas,Y"]
[Result "1/2-1/2"]
[WhiteElo "1849"]
[BlackElo "1920"]

1.e4 d5 2.exd5 Qxd5 3.Nc3 Qd6 4.d4 Nf6 5.Be2 a6 6.h3 Nc6 7.Nf3 Bf5 8.Be3 O-O-O
9.O-O e5 10.dxe5 Nxe5 11.Qxd6 Nxf3+ 12.Bxf3 Bxd6 13.Rac1 Be5 14.Ne2 Ne4 15.Bxe4 Bxe4
16.c3 Rd7 17.Rfe1 Rhd8 18.Bd4 Bxd4 19.Nxd4 Bd5 20.b3 c5 21.Nf5 g6 22.Ne7+ Kc7
23.Nxd5+ Rxd5 24.Re7+  1/2-1/2

[Event "TCh-TUR 2011"]
[Site "Konya TUR"]
[Date "2011.07.02"]
[Round "6"]
[White "Cinar Corlulu,N"]
[Black "Ushenina,A"]
[Result "0-1"]
[WhiteElo "1991"]
[BlackElo "2468"]

1.e4 d5 2.exd5 Qxd5 3.Nc3 Qd6 4.d4 Nf6 5.Nf3 c6 6.Be2 Bg4 7.O-O e6 8.Bg5 Nbd7
9.Qd2 Be7 10.Bf4 Qb4 11.a3 Qb6 12.Na4 Qd8 13.h3 Bh5 14.c4 O-O 15.Rad1 Nb6
16.Nxb6 Qxb6 17.Ne5 Bxe2 18.Qxe2 Rad8 19.Be3 Qa6 20.Qc2 Nd7 21.Nf3 Nb6 22.Rc1 h6
23.Rfd1 Bf6 24.Bf4 Rd7 25.Be5 Be7 26.Rd3 Rfd8 27.Bxg7 Kxg7 28.Ne5 Rxd4 29.Rg3+ Bg5
30.Qe2 R8d5 31.Rcc3 f6 32.Nf3 Rxc4 33.Qxe6 Rd7 34.h4 Rxc3 35.hxg5 hxg5 36.bxc3 Qc4
37.Qh3 Rd1+ 38.Kh2 Qf1 39.Rxg5+ fxg5 40.Qe6 Qc4 41.Qe5+ Kf8 42.Qh8+ Ke7 43.Qg7+ Kd8
44.Qf6+ Kc7 45.Nd4 Qg8 46.Qe5+ Kc8 47.Ne6 Qh7+ 48.Kg3 Rd3+  0-1

[Event "e2e4 ch-IRL"]
[Site "Dublin IRL"]
[Date "2011.07.03"]
[Round "2"]
[White "McCabe,D"]
[Black "Twomey,P"]
[Result "1-0"]
[WhiteElo "2024"]
[BlackElo "1881"]

1.e4 d5 2.exd5 Qxd5 3.Nc3 Qd6 4.d4 Nf6 5.Nf3 a6 6.Ne5 Bf5 7.Qf3 Bc8 8.Bc4 Qxd4
9.Bxf7+ Kd8 10.Bf4 Nbd7 11.Rd1 Qb4 12.g4 e6 13.Bxe6 Bd6 14.Nf7+ Ke7 15.Nxd6 cxd6
16.Bxd6+ Qxd6 17.Rxd6 Kxd6 18.Bxd7 Bxd7 19.Qf4+ Kc6 20.g5 Rhe8+ 21.Kd2 Ng4
22.Qc4+ Kd6 23.Qd4+ Kc7 24.Qc5+ Bc6 25.Nd5+ Kb8 26.Re1 Rd8 27.c4 Nxh2 28.Re7 Nf3+
29.Ke3 Nh4 30.Rf7 g6 31.Qb6 Re8+ 32.Kf4 Nf5 33.Qc7+ Ka7 34.Qxc6  1-0

[Event "6th Dvorkovich Cup"]
[Site "Moscow RUS"]
[Date "2011.07.03"]
[Round "13.4"]
[White "Nevioselaya,M"]
[Black "Rakhmangulova,A"]
[Result "0-1"]
[WhiteElo "1983"]
[BlackElo "2196"]

1.e4 d5 2.exd5 Qxd5 3.Nc3 Qd6 4.d4 Nf6 5.Nf3 Bg4 6.h3 Bh5 7.g4 Bg6 8.Ne5 Nbd7
9.Nb5 Qb6 10.Nc4 Qe6+ 11.Qe2 Qxe2+ 12.Bxe2 Kd8 13.Na5 Kc8 14.c4 e5 15.O-O a6
16.Na3 exd4 17.g5 Ne4 18.Bf3 f5 19.Nc2 d3 20.Bxe4 fxe4 21.Nd4 Bd6 22.f4 Re8
23.f5 Bf7 24.Be3 Ne5 25.Kf2 c5 26.Ne6 Bxe6 27.fxe6 Rxe6 28.Rac1 Kc7 29.Nb3 Rf8+
30.Kg2 Rxf1 31.Kxf1 Ng6 32.Kf2 b6 33.Nd2 Nh4 34.Rf1  0-1

[Event "5th Varna Open"]
[Site "Golden Sands BUL"]
[Date "2011.07.04"]
[Round "2"]
[White "Janev,P"]
[Black "Panbukchian,V"]
[Result "0-1"]
[WhiteElo "2079"]
[BlackElo "2381"]

1.e4 d5 2.exd5 Qxd5 3.Nc3 Qd6 4.d4 Nf6 5.Nf3 a6 6.g3 Bg4 7.Bg2 Nc6 8.O-O O-O-O
9.Bf4 Qb4 10.d5 e5 11.Bd2 Nd4 12.Ne2 Bxf3 13.Bxb4 Nxe2+ 14.Kh1 Nxg3+ 15.fxg3 Bxd1
16.Bxf8 Rhxf8 17.Raxd1 Kb8 18.c4 Rfe8 19.Kg1 Re7 20.Kf2 h6 21.Ke2 a5 22.Rd3 Nd7
23.Ra3 Nb6 24.Rc1 a4 25.b3 e4 26.bxa4 Nd7 27.Re3 Nc5 28.Rf1 Ka7 29.g4 f6
30.h4 Re5 31.Kd2 c6 32.Kc3 cxd5 33.Rd1 d4+  0-1

[Event "9th Niki Open"]
[Site "Nachod CZE"]
[Date "2011.07.04"]
[Round "3.46"]
[White "Zoubek,D"]
[Black "Molnar,Ji"]
[Result "1-0"]
[WhiteElo "1680"]
[BlackElo "1890"]

1.e4 d5 2.exd5 Qxd5 3.Nc3 Qd8 4.d4 Nf6 5.Bg5 c6 6.Qd2 Bf5 7.Nf3 e6 8.Bd3 Bg6
9.h4 Bb4 10.h5 Bxd3 11.Qxd3 h6 12.Bd2 Nbd7 13.O-O-O b5 14.Kb1 a5 15.Ne4 Be7
16.Rdg1 b4 17.g4 Qb6 18.g5 Nxe4 19.Qxe4 O-O-O 20.Be3 Qb5 21.gxh6 gxh6 22.Rc1 Bd6
23.c4 Qf5 24.Qxf5 exf5 25.Nh4 f4 26.Nf5 Bc7 27.Bd2 Nc5 28.Be1 Ne4 29.f3 Ng5
30.Rf1 Kd7 31.Bh4 Ke6 32.Nxh6 Rxh6 33.Bxg5 Rxd4 34.Rce1+ Kd7  1-0

[Event "5th Varna Open"]
[Site "Golden Sands BUL"]
[Date "2011.07.05"]
[Round "3"]
[White "Qadimbayli,Abdulla Azar oglu"]
[Black "Shishkov,M"]
[Result "1/2-1/2"]
[WhiteElo "1824"]
[BlackElo "2295"]

1.e4 d5 2.exd5 Qxd5 3.Nc3 Qd6 4.d4 Nf6 5.h3 a6 6.Nf3 b5 7.a3 Bb7 8.Be2 Nbd7
9.Bg5 e6 10.Qd2 Be7 11.O-O O-O 12.Rad1 Rfe8 13.Rfe1 Rad8 14.Qf4 h6 15.Qxd6 cxd6
16.Bh4 Nb6 17.Nd2 Rc8 18.Nf1 Nbd5 19.Nxd5 Nxd5 20.Bxe7 Rxe7 21.c3 Nf4 22.Ne3 Nxe2+
23.Rxe2 Kf8 24.Rde1 a5 25.Rc1 Rec7 26.f3 Ba6 27.Rec2 f5 28.b3 f4 29.Nd1 Bb7
30.c4 Bd5 31.Nc3 Bc6 32.Ne4 Bxe4 33.fxe4 a4 34.c5 dxc5 35.bxa4 bxa4 36.Rxc5 Rxc5
37.dxc5 e5 38.Kf2  1/2-1/2

[Event "TCh-TUR 2011"]
[Site "Konya TUR"]
[Date "2011.07.05"]
[Round "9"]
[White "Mutlu,Beste"]
[Black "Morgul,E"]
[Result "0-1"]
[WhiteElo "1548"]
[BlackElo "1723"]

1.e4 d5 2.exd5 Qxd5 3.Nc3 Qd6 4.d4 Nf6 5.Nf3 a6 6.Be2 Nc6 7.O-O Bg4 8.Be3 O-O-O
9.Ng5 Be6 10.Nf3 h6 11.h3 g5 12.Nb1 g4 13.hxg4 Nxg4 14.c3 Bd5 15.Nbd2 Rg8
16.c4 Bxf3 17.Nxf3 Nxe3 18.fxe3 Qg3 19.Rf2 h5 20.d5 Bh6 21.Qd3 e6 22.Qb3 Ne5
23.Nxe5 Bxe3 24.Rf1  0-1

[Event "10th La Fere Open"]
[Site "La Fere FRA"]
[Date "2011.07.05"]
[Round "5.33"]
[White "Tawegoum,Ivan"]
[Black "Wolfangel,C"]
[Result "1/2-1/2"]
[WhiteElo "1640"]
[BlackElo "1751"]

1.e4 d5 2.exd5 Qxd5 3.Nc3 Qd6 4.Nf3 a6 5.Be2 Nf6 6.O-O Bf5 7.d3 e6 8.Be3 Nc6
9.Re1 Be7 10.Qd2 O-O 11.a3 Nd5 12.Nxd5 exd5 13.d4 Bf6 14.Bf4 Qd7 15.Ne5 Bxe5
16.Bxe5 Nxe5 17.dxe5 Rfe8 18.f4 c5 19.h3 h6 20.Bf3 Rad8 21.g4 Bh7 22.Rad1 d4
23.c3 d3 24.c4 Qd4+ 25.Kh1 Qxc4 26.Bxb7 Rb8 27.Bf3 Red8 28.f5 Qb3 29.Re2 c4
30.Rg2  1/2-1/2

[Event "9th Niki Open"]
[Site "Nachod CZE"]
[Date "2011.07.05"]
[Round "4.47"]
[White "Mares,I"]
[Black "Ruffer,V"]
[Result "1-0"]
[WhiteElo "1897"]
[BlackElo "1651"]

1.e4 d5 2.exd5 Qxd5 3.Nc3 Qd8 4.d4 c6 5.Bc4 Bf5 6.Nf3 e6 7.Bf4 h6 8.Ne5 Nf6
9.g4 Bh7 10.f3 Nbd7 11.Qe2 Nb6 12.Nxf7 Kxf7 13.Qxe6+ Kg6 14.Bd3+  1-0

[Event "Lev Polugaevsky Mem"]
[Site "Samara RUS"]
[Date "2011.07.05"]
[Round "1"]
[White "Maslova,Polina"]
[Black "Natacheev,P"]
[Result "0-1"]
[WhiteElo "1697"]
[BlackElo "2216"]

1.e4 d5 2.exd5 Qxd5 3.Nc3 Qd6 4.d4 Nf6 5.Nf3 a6 6.Bd3 Nc6 7.O-O Bg4 8.Ne4 Nxe4
9.Bxe4 O-O-O 10.c3 e6 11.Qc2 f6 12.b4 g5 13.a4 h5 14.b5 Bxf3 15.Bxf3 Na5
16.bxa6 Qxa6 17.Rb1 h4 18.Bd2 h3 19.g3 g4 20.Bh1 f5 21.d5 Bc5 22.dxe6 Qxe6
23.Rfe1 Qd7 24.Red1 Qd3 25.Qxd3 Rxd3 26.Bg5 Rxd1+ 27.Rxd1 c6 28.Kf1 Nc4 29.Bf6 Re8
30.Bd4 Nb2 31.Rd2 Nxa4 32.Bxc5 Nxc5 33.f3 Re3 34.fxg4 Rxc3 35.Ke2 fxg4  0-1

[Event "Asian Zonal 3.1 Women"]
[Site "Sharjah UAE"]
[Date "2011.07.05"]
[Round "1"]
[White "Mouradian,K"]
[Black "Al Khelaifi,S"]
[Result "1-0"]
[WhiteElo "2186"]
[BlackElo "1757"]

1.e4 d5 2.exd5 Qxd5 3.Nc3 Qd6 4.d4 Nf6 5.Nf3 a6 6.g3 Bg4 7.Bg2 Nc6 8.O-O O-O-O
9.d5 Ne5 10.Bf4 Bxf3 11.Bxf3 Nxf3+ 12.Qxf3 e5 13.dxe6 Qxe6 14.Bg5 Rd6 15.Rfe1 Qd7
16.Bxf6 Rxf6 17.Qe3 b6 18.Ne4 Re6 19.Qf3 Kb8 20.Rad1 Bd6 21.Nxd6 Rxe1+ 22.Rxe1 cxd6
23.Qd3 Ka7 24.Rd1 g6 25.Qxd6 Qxd6 26.Rxd6 Rf8 27.Rd7+ Kb8 28.Kf1 Rc8 29.c3 Rf8
30.h4 h5 31.Ke2 Kc8 32.Ra7 a5 33.Ra8+  1-0

[Event "ch-BEL Open"]
[Site "Antwerp BEL"]
[Date "2011.07.06"]
[Round "5.16"]
[White "Mollekens,R"]
[Black "Crevits,Ruben"]
[Result "1-0"]
[WhiteElo "2054"]
[BlackElo "1690"]

1.e4 d5 2.exd5 Qxd5 3.Nc3 Qd6 4.Bc4 Nf6 5.d3 a6 6.Nge2 Nc6 7.Ng3 e5 8.O-O Be7
9.Nce4 Nxe4 10.Nxe4 Qg6 11.f4 Bg4 12.Qd2 O-O-O 13.Ng3 exf4 14.Qxf4 f6 15.Bf7 Qxf7
16.Qxg4+ Kb8 17.Be3 Rhe8 18.Rae1 g6 19.Qa4 Qd5 20.Ne4 f5 21.Nc3 Qd7 22.Bf2 Bd6
23.Qh4 Ne5 24.h3 Nc6 25.a3 Be5 26.Qc4 Bd4 27.Nd1 Bxf2+ 28.Nxf2 Rxe1 29.Rxe1 Re8
30.Rxe8+ Qxe8 31.Kf1 Qe7 32.Qf4 Qg7 33.c3 Qf8 34.d4 Qf7 35.Nd3 Qc4 36.Ke2 Qd5
37.Kf2 b6 38.Qf3 Qd6 39.Qe2 Qd7 40.Nf4 Qf7 41.Qxa6 Na5 42.d5 Nb7 43.Ne6 Qe7
44.Qc4 Nd6 45.Qf4 Ne4+ 46.Ke3 Nc5 47.Qe5 Nxe6 48.dxe6 Qg5+ 49.Kf2 Qd2+ 50.Kg1 Qd8
51.e7 Qe8 52.c4 Kc8 53.Qe6+ Kb7 54.b4 Kb8 55.c5 b5 56.c6  1-0

[Event "TCh-TUR 2nd League 2011"]
[Site "Konya TUR"]
[Date "2011.07.06"]
[Round "3"]
[White "Akkalyoncu,Zeynep"]
[Black "Aksoy,Ayca"]
[Result "0-1"]
[WhiteElo "1707"]
[BlackElo "1678"]

1.e4 d5 2.exd5 Qxd5 3.Nc3 Qd6 4.d4 Nf6 5.Nf3 a6 6.Bc4 Bg4 7.Be3 Nc6 8.Be2 e6
9.Qd2 O-O-O 10.Rd1 h6 11.a3 Be7 12.Na4 Ne4 13.Qd3 Bf5 14.Qb3 Na5 15.Qa2 Qc6
16.Nc5 Nxc5 17.dxc5 Rxd1+ 18.Kxd1 Rd8+ 19.Kc1 Bxc5 20.b4 Bxe3+ 21.fxe3 Qc3
22.Bxa6 Qxe3+ 23.Kb2 bxa6 24.bxa5 Qe2 25.Qb3 Rd5 26.Re1 Qb5 27.c4 Qxb3+ 28.Kxb3 Rd6
29.Kc3 Bg4 30.Ne5 Bh5 31.g4 Bg6 32.Nxg6 fxg6 33.Rf1 e5 34.Rf8+ Rd8 35.Rf7 Re8
36.Rxg7 Re6 37.Rf7 Kb7 38.Rf2 Kc6 39.Rd2 e4 40.Re2 Kc5 41.Re3 Re5 42.h4 g5
43.h5 c6 44.a4 Re6 45.Re2 e3 46.Kd3 Re5 47.Re1 e2  0-1

[Event "TCh-TUR 2nd League 2011"]
[Site "Konya TUR"]
[Date "2011.07.06"]
[Round "3"]
[White "Socko,M"]
[Black "Mikadze,M"]
[Result "1/2-1/2"]
[WhiteElo "2490"]
[BlackElo "2345"]

1.e4 d5 2.exd5 Qxd5 3.Nc3 Qd6 4.d4 Nf6 5.Nf3 c6 6.g3 Bg4 7.Bg2 e6 8.O-O Be7
9.h3 Bxf3 10.Qxf3 Qxd4 11.Nb5 Qb6 12.c4 Nbd7 13.Be3 Qa5 14.Nd4 O-O 15.a3 Rad8
16.Qe2 Rfe8 17.Rad1 Qc7 18.b4 a6 19.Rd2 c5 20.Nc2 Nb6 21.Rxd8 Rxd8 22.Bf4 Bd6
23.bxc5 Qxc5 24.Rd1 Nxc4 25.Bxb7 Nd5 26.Bxd5 exd5 27.Bg5 Rc8 28.Nd4 h6 29.Bc1 Bf8
30.Nf5 Nd6 31.Be3 Qc2 32.Qxc2 Rxc2 33.Nxd6 Bxd6  1/2-1/2

[Event "10th La Fere Open"]
[Site "La Fere FRA"]
[Date "2011.07.06"]
[Round "6.37"]
[White "Heymann Lobzhanidze,A"]
[Black "Wolfangel,J"]
[Result "1-0"]
[WhiteElo "2025"]
[BlackElo "1438"]

1.e4 d5 2.exd5 Qxd5 3.Nc3 Qd6 4.Nf3 Nf6 5.Be2 a6 6.O-O b5 7.d3 Bb7 8.Ng5 h6
9.Nge4 Nxe4 10.Nxe4 Bxe4 11.dxe4 e5 12.a4 Qxd1 13.Rxd1 b4 14.Be3 Bd6 15.Bc4 O-O
16.Bd5 Ra7 17.Bxa7  1-0

[Event "FSIM July"]
[Site "Budapest HUN"]
[Date "2011.07.07"]
[Round "6.1"]
[White "Lengyel,B"]
[Black "Husari,Sa"]
[Result "1-0"]
[WhiteElo "2276"]
[BlackElo "2306"]

1.e4 d5 2.exd5 Qxd5 3.Nc3 Qd6 4.d4 Nf6 5.Nf3 a6 6.Be3 Nc6 7.Qd2 Bf5 8.Bc4 e6
9.O-O-O O-O-O 10.Ng5 Bg6 11.f3 Nb4 12.Bb3 Qc6 13.a3 Nbd5 14.Nxd5 Nxd5 15.h4 h6
16.Ne4 Be7 17.Bf2 Nf6 18.Nxf6 Bxf6 19.Qe3 h5 20.Rd2 b6 21.Bg3 Rhe8 22.Rhd1 Kb8
23.Be5 Bxh4 24.Bxg7 Be7 25.Be5 Bd6 26.Re2 Bxe5 27.Qxe5 Qd6 28.c3 h4 29.Rh1 Qxe5
30.Rxe5 Rh8 31.d5 exd5 32.Rxd5 Rxd5 33.Bxd5 Rh5 34.Bc4 b5 35.Be2 Rg5 36.Rh2 Bf5
37.Bf1 h3 38.g4 Be6 39.Bxh3 Rg8 40.Kd2 Re8 41.Bf1 c6 42.Bd3 Kc7 43.g5 Kd6
44.f4 Bd5 45.Rh6+ Ke7 46.b4 a5 47.Ke3 axb4 48.axb4 Ra8 49.Kd4 Ra3 50.f5 Bf3
51.f6+ Ke6 52.Rh4 Ra1 53.Rf4 Bd5 54.g6  1-0

[Event "TCh-TUR 2011"]
[Site "Konya TUR"]
[Date "2011.07.07"]
[Round "11"]
[White "Yaka,B"]
[Black "Morgul,E"]
[Result "1/2-1/2"]
[WhiteElo "1525"]
[BlackElo "1723"]

1.e4 d5 2.exd5 Qxd5 3.Nc3 Qd6 4.d4 Nf6 5.Nf3 a6 6.Be2 Nc6 7.h3 h6 8.Be3 Bf5
9.Qd2 O-O-O 10.a3 e5 11.dxe5 Nxe5 12.O-O-O Qxd2+ 13.Rxd2 Rxd2 14.Bxd2 Nxf3
15.Bxf3 Bc5 16.Rf1 Re8 17.g4 Bg6 18.Bg2 h5 19.f3 Be3  1/2-1/2

[Event "10th La Fere Open"]
[Site "La Fere FRA"]
[Date "2011.07.07"]
[Round "7.20"]
[White "Vandervorst,M"]
[Black "Wolfangel,C"]
[Result "1/2-1/2"]
[WhiteElo "1882"]
[BlackElo "1751"]

1.e4 d5 2.exd5 Qxd5 3.Nc3 Qd6 4.d4 Nf6 5.Nf3 a6 6.Bc4 b5 7.Bb3 Bb7 8.h3 Nc6
9.Bg5 Rd8 10.Be3 e5 11.dxe5 Nxe5 12.Qxd6 Nxf3+ 13.gxf3 Bxd6 14.Ke2 O-O 15.a3 Be5
16.Rad1 Bxc3 17.bxc3 Rfe8 18.Rxd8 Rxd8 19.Rg1 Nh5 20.Rg5 g6 21.Re5 Rd7 22.a4 Nf6
23.Bh6 Rd8 24.axb5 axb5 25.Bg5 Rd6 26.Re7 Nd5 27.Bxd5 Bxd5 28.Rxc7 Kg7 29.Be3 Bc4+
30.Ke1 Rd5 31.Rc5 Kf6 32.Rc6+ Kg7 33.h4 Rh5 34.Bg5 h6 35.Bf6+ Kh7 36.Rc8 g5
37.hxg5 hxg5 38.Kd2 Kg6 39.Bd4 Rh3 40.Rc6+ Kh7 41.Rc5 Kg6 42.Rc6+ Kh7 43.Rc5 Kg6
44.Rc6+ Kh7  1/2-1/2

[Event "Naantalin Open"]
[Site "Naantali FIN"]
[Date "2011.07.07"]
[Round "5"]
[White "Satonen,A"]
[Black "Pohjala,H"]
[Result "0-1"]
[WhiteElo "2188"]
[BlackElo "2241"]

1.e4 d5 2.exd5 Qxd5 3.Nc3 Qd6 4.d4 Nf6 5.Nf3 a6 6.Be2 Nc6 7.O-O Bf5 8.Be3 O-O-O
9.Na4 e5 10.c3 exd4 11.cxd4 Ng4 12.Nc5 Qd5 13.Rc1 Bxc5 14.Rxc5 Qxc5 15.dxc5 Rxd1
16.Rxd1 Re8 17.Bc4 f6 18.Bf4 Re4 19.h3 Rxc4 20.hxg4 Bxg4 21.Be3 Bxf3 22.gxf3 Rc2
23.Rd2 Rxd2 24.Bxd2 Kd7 25.Kg2 Ke6 26.f4 Nd4 27.Kg3 Kd5 28.b4 Ke4 29.Kg4 f5+
30.Kg5 Nf3+  0-1

[Event "6th Polonia Wroclaw Open A"]
[Site "Wroclaw POL"]
[Date "2011.07.07"]
[Round "6"]
[White "Swicarz,M"]
[Black "Dudys,J"]
[Result "1/2-1/2"]
[WhiteElo "2286"]
[BlackElo "2195"]

1.e4 d5 2.exd5 Qxd5 3.Nc3 Qd6 4.d4 Nf6 5.Bc4 a6 6.Bb3 Nc6 7.Nge2 e5 8.dxe5 Qxd1+
9.Nxd1 Nxe5 10.Ne3 Bb4+ 11.Bd2 Bxd2+ 12.Kxd2 Ne4+ 13.Ke1 Bd7  1/2-1/2

[Event "e2e4 ch-IRL"]
[Site "Dublin IRL"]
[Date "2011.07.08"]
[Round "7"]
[White "O'Rourke,R"]
[Black "Twomey,P"]
[Result "1-0"]
[WhiteElo "2038"]
[BlackElo "1881"]

1.e4 d5 2.exd5 Qxd5 3.Nc3 Qd6 4.Nf3 Nf6 5.d4 a6 6.Be2 Nc6 7.O-O Bf5 8.a3 e6
9.g3 Be7 10.Bf4 Qd7 11.Qd2 h6 12.Rad1 O-O-O 13.b4 g5 14.Ne5 Qe8 15.Nxc6 Qxc6
16.b5 axb5 17.Nxb5 Bh3 18.Na7+ Kd7 19.Nxc6 bxc6 20.Be5 h5 21.Rfe1 h4 22.Qa5 Rc8  1-0

[Event "Karvina Open"]
[Site "Karvina CZE"]
[Date "2011.07.08"]
[Round "7.28"]
[White "Stuchly,Ondrej"]
[Black "Trombik,K"]
[Result "1-0"]
[WhiteElo "1644"]
[BlackElo "2035"]

1.e4 d5 2.exd5 Qxd5 3.Nc3 Qd6 4.d4 c6 5.Nf3 Nf6 6.Be3 Bg4 7.h3 Bh5 8.g4 Bg6
9.Ne5 e6 10.Nxg6 hxg6 11.Qf3 Qc7 12.O-O-O Bd6 13.Bc4 Nbd7 14.Kb1 Nb6 15.Bb3 O-O-O
16.Rhe1 Rd7 17.Ne2 a5 18.a3 Nbd5 19.c4 Nxe3 20.fxe3 Re8 21.Nc3 Bg3 22.Re2 Bh4
23.Na4 Rdd8 24.Rg2 Nh7 25.e4 Ng5 26.Qe3 f5 27.gxf5 exf5 28.e5 Ne6 29.d5 Nf8
30.d6 Rxd6 31.exd6 Rxe3 32.dxc7  1-0

[Event "TCh-TUR 2nd League 2011"]
[Site "Konya TUR"]
[Date "2011.07.08"]
[Round "6"]
[White "Kahya,Gizem"]
[Black "Aksoy,Ayca"]
[Result "1/2-1/2"]
[WhiteElo "1662"]
[BlackElo "1678"]

1.e4 d5 2.exd5 Qxd5 3.Nc3 Qd6 4.g3 Nf6 5.Bg2 c6 6.Nf3 Bg4 7.O-O e6 8.d3 Qc7
9.Bf4 Bd6 10.Bxd6 Qxd6 11.Qe2 Nbd7 12.Qe3 O-O 13.Nd2 Qb4 14.Nb3 Rfe8 15.a3 Qb6
16.Qxb6 axb6 17.Rfe1 Red8 18.Nd2 Kf8 19.Nde4 Nd5 20.Nd1 N7f6 21.Nxf6 Nxf6
22.Ne3 Bh5 23.Nc4 b5 24.Ne5 Nd5 25.Bxd5 exd5 26.g4 Bg6 27.h4 f6 28.Nxg6+ hxg6
29.Rad1 Re8 30.f3 Rxe1+ 31.Rxe1 Re8 32.Rxe8+ Kxe8 33.d4 g5 34.hxg5 fxg5 35.Kf2 Ke7
36.Ke3 Kf6 37.Kd3 b6 38.b4 Ke6 39.Kc3 Kd6 40.Kb3 Kc7 41.c3 g6 42.Kc2 Kd6
43.Kd3 Ke6 44.Ke2 Ke7 45.Kf2 Ke6 46.Ke1 Ke7 47.Kd2 Ke6 48.Kc2 Kd6 49.Kb3 Kc7
50.Kb2 Kd6 51.Kc2 Kd7 52.Kb3 Kc7  1/2-1/2

[Event "TCh-TUR 2nd League 2011"]
[Site "Konya TUR"]
[Date "2011.07.08"]
[Round "6"]
[White "Rasulov,Vu"]
[Black "Mikadze,M"]
[Result "1-0"]
[WhiteElo "2522"]
[BlackElo "2345"]

1.e4 d5 2.exd5 Qxd5 3.Nc3 Qd6 4.d4 Nf6 5.Nf3 c6 6.g3 Bg4 7.Bg2 e6 8.O-O Be7
9.h3 Bh5 10.Bf4 Qd8 11.Qd2 Nbd7 12.Rfe1 O-O 13.g4 Bg6 14.Bg3 Bb4 15.Nh4 Nb6
16.Nxg6 hxg6 17.Qd3 Nbd5 18.Qf3 Qa5 19.Nxd5 Qxd5 20.c3 Qxf3 21.Bxf3 Be7 22.a4 a5
23.Rad1 Rfd8 24.Bf4 Rd7 25.Rxe6 fxe6 26.g5 Nd5 27.Bc1 Rad8 28.h4 Bd6 29.Be4 Ne7
30.Kg2 Nf5 31.Rh1 c5 32.dxc5 Bxc5 33.h5 gxh5 34.Rxh5 g6 35.Rh3 Rf8  1-0

[Event "Naantalin Open"]
[Site "Naantali FIN"]
[Date "2011.07.08"]
[Round "7"]
[White "Pudas,T"]
[Black "Pohjala,H"]
[Result "1-0"]
[WhiteElo "2228"]
[BlackElo "2241"]

1.e4 d5 2.exd5 Qxd5 3.Nc3 Qd6 4.d4 Nf6 5.Nf3 a6 6.a3 Nc6 7.d5 Ne5 8.Be2 Ng6
9.Bg5 h6 10.Bxf6 Qxf6 11.Ne4 Qf4 12.Qd4 Bf5 13.Qa4+ Bd7 14.Qb4 O-O-O 15.g3 Qf5
16.O-O-O e6 17.Qd4 Kb8 18.d6 cxd6 19.Nxd6 Bxd6 20.Qxd6+ Ka8 21.Nd4 Qxf2 22.Qb4 Bc8
23.Rhf1 Qe3+ 24.Kb1 Rd7 25.Rd3 Qg5 26.Bf3 Ne5 27.Rc3 Rhd8 28.Bg2 Qe7 29.Qa5 Rxd4
30.Qxe5 f6 31.Rxc8+  1-0

[Event "ch-Central Serbia Int Open A"]
[Site "Paracin SRB"]
[Date "2011.07.08"]
[Round "1.43"]
[White "Zarkovic,M"]
[Black "Sarenac,D"]
[Result "1-0"]
[WhiteElo "2015"]
[BlackElo "2315"]

1.e4 d5 2.exd5 Qxd5 3.Nc3 Qd6 4.d4 Nf6 5.Nf3 g6 6.Bc4 Bg7 7.O-O O-O 8.h3 a6
9.Re1 b5 10.Bb3 Bb7 11.Ne5 c5 12.dxc5 Qxc5 13.Qe2 Nc6 14.Nf3 Nd4 15.Nxd4 Qxd4
16.Be3 Qh4 17.Rad1 Rad8 18.Rxd8 Rxd8 19.Rd1 Rd7 20.Rxd7 Nxd7 21.Qd2 Nf8 22.Nd5 h6
23.c3 e6 24.Nf4 Qe7 25.Ne2 Kh7 26.a4 Qe8 27.axb5 Qxb5 28.Bd1 e5 29.b3 Ne6
30.Bc2 Nc5 31.b4 Ne4 32.Qd3 Qe8 33.f3 Nf6 34.Ng3 Nd5 35.Bf2 Nf4 36.Qd6 Bf8
37.Qd2 Qc6 38.Bb3 Kg7 39.Be3 Qc7 40.c4 Be7 41.c5 a5 42.Ne4 axb4 43.Qxb4 Ne6
44.Nd6 Bc6 45.Qd2 h5 46.Bxe6 fxe6 47.Bg5 Bf8 48.Bh6+ Kg8 49.Bxf8 Kxf8 50.Qg5 Kg7
51.Qxe5+ Kh7 52.Qxe6 Kg7 53.Kf2 Qa7 54.Qe5+ Kh7 55.h4 Qa2+ 56.Kg3 Qa7 57.Kf4 Qa4+
58.Kg5 Qc2 59.Kf6 Kh6 60.Ne4 Bxe4 61.fxe4 Qf2+ 62.Ke6 Qa2+ 63.Kd6 Qa5 64.c6 Qd8+
65.Kc5 Qa5+ 66.Kd6 Qd8+ 67.Ke6 Qe8+ 68.Kd5 Qd8+ 69.Qd6 Qa5+ 70.Ke6 Qa2+ 71.Qd5 Qa6
72.Kd7 Qa4 73.e5 Kg7 74.e6 Qg4 75.c7 Qa4+ 76.Kd8  1-0

[Event "5th Varna Open"]
[Site "Golden Sands BUL"]
[Date "2011.07.09"]
[Round "8"]
[White "Filev,G"]
[Black "Panbukchian,V"]
[Result "1-0"]
[WhiteElo "2357"]
[BlackElo "2381"]

1.e4 d5 2.exd5 Qxd5 3.Nc3 Qd6 4.d4 Nf6 5.Nf3 a6 6.g3 Bg4 7.Bg2 Nc6 8.O-O O-O-O
9.h3 Bh5 10.Bf4 Qb4 11.g4 Bg6 12.a3 Qxb2 13.Qe1 e6 14.Rb1 Qxa3 15.Ne5 Nd5
16.Rb3 Qe7 17.Nxc6 bxc6 18.Nxd5 Rxd5 19.Bxd5 exd5 20.Qa5 Qd8 21.Rfb1 Kd7
22.Rb8  1-0

[Event "TCh-TUR 2nd League 2011"]
[Site "Konya TUR"]
[Date "2011.07.09"]
[Round "8"]
[White "Gara,A"]
[Black "Mikadze,M"]
[Result "1-0"]
[WhiteElo "2369"]
[BlackElo "2345"]

1.e4 d5 2.exd5 Qxd5 3.Nc3 Qd6 4.d4 Nf6 5.Nf3 c6 6.Ne5 Nbd7 7.Nc4 Qc7 8.Qf3 Nb6
9.Bf4 Qd7 10.h3 Nxc4 11.Bxc4 Qxd4 12.Bb3 e6 13.Rd1 Qc5 14.O-O Be7 15.Ne4 Nxe4
16.Qxe4 O-O 17.Be5 Rd8 18.Rxd8+ Bxd8 19.Rd1 Bb6 20.Bd4 Qd6 21.Qg4 Bxd4 22.Rxd4 Qe7
23.Qd1 g6 24.a4 Kg7 25.Rd8 e5 26.Qd2 Rb8 27.Qa5 Qg5 28.f4 Qxf4 29.Qc5 Qc1+
30.Kh2 Qf4+ 31.g3 Qf5 32.Qf8+ Kf6 33.Qxf7+ Kg5 34.Qe7+ Kh6 35.Qh4+ Qh5 36.Qxh5+ Kxh5
37.Be6 Bxe6 38.Rxb8 b6 39.Rb7 Kg5 40.Rxa7 Kf5 41.Kg2 Ke4 42.Kf2 h5 43.Rb7 Bxh3
44.Rxb6 Kd5 45.a5 Bc8 46.a6 Kc5 47.a7 Kd5  1-0

[Event "10th La Fere Open"]
[Site "La Fere FRA"]
[Date "2011.07.09"]
[Round "9.15"]
[White "Heymann Lobzhanidze,A"]
[Black "Wolfangel,C"]
[Result "1-0"]
[WhiteElo "2025"]
[BlackElo "1751"]

1.e4 d5 2.exd5 Qxd5 3.Nc3 Qd6 4.Nf3 Nf6 5.Be2 c6 6.O-O Bf5 7.d4 Nbd7 8.Re1 e6
9.Bd3 Bxd3 10.Qxd3 Be7 11.Bg5 O-O 12.Rad1 Rfe8 13.a3 Nd5 14.Ne4 Qc7 15.c4 N5f6
16.Ng3 h6 17.Bd2 Rad8 18.Qc2 c5 19.d5 exd5 20.Nf5 Bf8 21.Rxe8 Rxe8 22.cxd5 Nb6
23.d6 Qc6 24.Be3 Nbd7 25.Qd3 Qe4 26.h3 Qxd3 27.Rxd3 Ne4 28.Nd2 Nxd2 29.Bxd2 g6
30.Nxh6+ Bxh6 31.Bxh6 f6 32.Bf4 Kf7 33.Kf1 b6 34.h4 Re4 35.g3 Re8 36.a4 a6
37.Kg2 Re4 38.b3 Re8 39.Kf1 Re4 40.f3 Re8 41.Kf2 Re6 42.g4 Re8 43.Re3 Rxe3
44.Kxe3 Ke6 45.h5 g5 46.Bg3 a5 47.Ke4 Nf8 48.h6 Nh7 49.d7 Kxd7 50.Kf5 b5
51.axb5  1-0

[Event "Oberwart Open"]
[Site "Oberwart AUT"]
[Date "2011.07.09"]
[Round "1.34"]
[White "Radnetter,G"]
[Black "Berchtold,G"]
[Result "1-0"]
[WhiteElo "2257"]
[BlackElo "1988"]

1.e4 d5 2.exd5 Qxd5 3.Nc3 Qd6 4.d4 Nf6 5.Be3 a6 6.Be2 Nbd7 7.Qd2 e5 8.O-O-O Be7
9.Nf3 Ng4 10.h3 Nxe3 11.Qxe3 Qe6 12.Nxe5 O-O 13.Bc4 Qh6 14.Qxh6 gxh6 15.Nd5 Bd8
16.Rhe1 Nb6 17.Nxb6 cxb6 18.Nxf7  1-0

[Event "Oberwart Open"]
[Site "Oberwart AUT"]
[Date "2011.07.09"]
[Round "1.7"]
[White "Hofbauer,P"]
[Black "Milanovic,Da"]
[Result "0-1"]
[WhiteElo "2080"]
[BlackElo "2515"]

1.e4 d5 2.exd5 Qxd5 3.Nc3 Qd6 4.d4 Nf6 5.Nf3 c6 6.Be2 Bg4 7.O-O Nbd7 8.Bg5 e6
9.Qd2 Qc7 10.Bf4 Bd6 11.Bxd6 Qxd6 12.Rfe1 O-O 13.Rad1 Rfd8 14.Qg5 h6 15.Qh4 Bxf3
16.Bxf3 Qb4 17.Ne2 Qxb2 18.Rb1 Qxc2 19.Rec1 Qxa2 20.Rxb7 Rab8 21.Rxb8 Rxb8
22.Qf4 Rb1 23.Bxc6 Rxc1+ 24.Nxc1 Qc2 25.Bf3 Nd5  0-1